000 005510000a22001810004500
003 MACL
005 20160610130537.0
008 160610b xxu||||| |||| 00| 0 eng d
040 _aMACL
_cMACL
041 _aHindi
082 _a891.433
100 _aअमरकान्‍त
_937732
245 _aसुख और दुख का साथ
_cअमरकान्‍त
260 _bलोकभारती प्रकाशन
_c2002
_aइलाहाबाद
350 _a120
650 _aStories
_963813
942 _cHIN
_k891.433
_2ddc
999 _c30125
_d30125